000 00270nam a22001217a 4500
008 171226b xxu||||| |||| 00| 0 eng d
041 _aeng
080 _a37
100 _a46
101 _aEDU
245 _aREADINGS IN DOWNS SYNDROMS
_cFELDMAN.S
942 _2udc
_cBK
999 _c39404
_d39404